Statistics for Australian Pro Sports Teams

Click here to take the quiz!

General Stats

  • This quiz has been taken 128 times
    (82 since last reset)
  • The average score is 38 of 57

Answer Stats

League Answer % Correct
AFLBrisbane Lions
93%
AFLRichmond Tigers
87%
AFLSydney Swans
87%
AFLAdelaide Crows
87%
AFLHawthorn Hawks
84%
AFLCollingwood Magpies
84%
AFLFremantle Dockers
84%
AFLWestern Bulldogs
82%
NRLWests Tigers
82%
NRLMelbourne Storm
82%
NRLCanterbury-Bankstown Bulldogs
78%
NBLIllawarra Hawks
78%
BBLBrisbane Heat
78%
AFLWest Coast Eagles
78%
AFLGold Coast Suns
76%
AFLGreater Western Sydney Giants
76%
AFLEssendon Bombers
76%
NRLGold Coast Titans
76%
AFLPort Adelaide Power
73%
AFLCarlton Blues
73%
BBLSydney Sixers
73%
AFLMelbourne Demons
71%
NRLBrisbane Broncos
71%
BBLPerth Scorchers
69%
BBLMelbourne Stars
69%
NRLSouth Sydney Rabbitohs
69%
NRLSydney Roosters
69%
BBLAdelaide Strikers
67%
NRLNorth Queensland Cowboys
67%
AFLNorth Melbourne Kangaroos
67%
NRLPenrith Panthers
67%
BBLMelbourne Renegades
64%
NBLMelbourne United
64%
BBLHobart Hurricanes
64%
A-LAdelaide United
64%
A-LMelbourne Victory
62%
AFLGeelong Cats
62%
BBLSydney Thunder
62%
A-LBrisbane Roar
60%
NRLCanberra Raiders
60%
A-LSydney FC
60%
A-LWestern Sydney Wanderers
60%
AFLSt Kilda Saints
58%
NRLCronulla-Sutherland Sharks
58%
A-LMelbourne City
58%
NRLManly-Warringah Sea Eagles
58%
A-LPerth Glory
58%
NRLNewcastle Knights
56%
NRLParramatta Eels
53%
NRLSt George Illawarra Dragons
51%
NBLAdelaide 36ers
49%
A-LNewcastle Jets
47%
NBLPerth Wildcats
47%
NBLSydney Kings
47%
NBLBrisbane Bullets
44%
NBLCairns Taipans
40%
A-LCentral Coast Mariners
40%

Score Distribution

Percentile by Number Answered

Percent of People with Each Score

Your Score History

You have not taken this quiz since the last reset